La guerra de Cuba (Record no. 54288)

MARC details
000 -LEADER
campo de control de longitud fija 00652nam a22001935i 4500
001 - NÚMERO DE CONTROL
campo de control 54288
003 - IDENTIFICADOR DE NÚMERO DE CONTROL
campo de control ES-MaACL
005 - FECHA Y HORA DE LA ÚLTIMA TRANSACCIÓN
campo de control 20230906162930.0
007 - CAMPO FIJO DE DESCRIPCIÓN FÍSICA--INFORMACIÓN GENERAL
campo de control de longitud fija t|
008 - DATOS DE LONGITUD FIJA--INFORMACIÓN GENERAL
campo de control de longitud fija 960529s1895 sp ||||1| spa d
040 ## - FUENTE DE CATALOGACIÓN
Centro catalogador/agencia de origen CLM
Lengua de catalogación spa
Centro/agencia transcriptor CCPB | SIC
100 1# - ENTRADA PRINCIPAL--NOMBRE DE PERSONA
Nombre de persona Flores, Eugenio Antonio.
9 (RLIN) 51256
245 13 - MENCIÓN DEL TÍTULO
Título La guerra de Cuba
Resto del título : apuntes para la historia /
Mención de responsabilidad, etc. por Eugenio Antonio Flores.
260 ## - PUBLICACIÓN, DISTRIBUCIÓN, ETC.
Lugar de publicación, distribución, etc. Madrid :
Nombre del editor, distribuidor, etc. A. de San Martín,
Fecha de publicación, distribución, etc. 1895 (
Fabricante Tipografía de los hijos de M.G. Hernández)
300 ## - DESCRIPCIÓN FÍSICA
Extensión 555 p. ;
Dimensiones 17 cm.
651 #4 - PUNTO DE ACCESO ADICIONAL DE MATERIA--NOMBRE GEOGRÁFICO
Nombre geográfico Cuba-
Subdivisión general Historia-
Subdivisión cronológica 1868-1878, Guerra de los Diez Años.
9 (RLIN) 8103
852 ## - LOCALIZACIÓN
Ubicación ES-MaACL
Número de control de estantería D-3171
852 ## - LOCALIZACIÓN
Ubicación ES-MaACL
Número de control de estantería F-13477
Holdings
Estatus retirado Estado de pérdida Estado de daño No para préstamo Colección Biblioteca de origen Biblioteca actual Ubicación en estantería Fecha de adquisición Fuente de adquisición Total de préstamos Signatura topográfica completa Código de barras Visto por última vez Precio de reemplazo Tipo de ítem Koha
        Libros del s. XIX Biblioteca del Ateneo de Madrid Biblioteca del Ateneo de Madrid Sala Pecera Planta 2 17/01/2008     F-13477 1057050 23/02/2023 23/02/2023 Libro impreso antiguo
        Libros del s. XIX Biblioteca del Ateneo de Madrid Biblioteca del Ateneo de Madrid Sala Valle Inclán 17/01/2008     D-3171 901057049 23/02/2023 23/02/2023 Libro impreso antiguo